00559nam a2200193Ia 4500003000400000005001700004008004100021020002200062040000700084041001200091082001900103100001700122245008300139245005400222260004100276300001900317365001300336650001600349OSt20260131162406.0210423s2016 xx 000 0 und d a978-0-19-806919-5 cAL aEnglish a620.028 bPRAG aRudra Pratap aGetting started with MATLABb: quick introduction for scientists and engineers 2aA quick introduction for scientists and engineers aDelhibOxford University Pressc2016 axiv, 272p.bPB b335cINR aEngineering